zpět

Detail výsledku týmu

Cafe & Bar NO.95, Domažlice

Datum a čas kvízu

15.5 Celkem bodů Celkový počet nahraných bodů na tomto kvízu bez doplňovacích otázek.
6. Pořadí na kvízu Konečné umístění týmu na tomto kvízu.

Zaznamenané odpovědi

# Otázka Odpověď Body Výsledky
1. Více než dvacet tisíc Čechů se... Black Hawk (UH-60), Čestmír 0
2. Jak se nazývá malá africká zem... Lesotho 0
3. V sobotu proběhlo vyhlášení fi... Oldřich Kaiser, Zahradníkův rok 0
4. Minulý týden se ve Španělsku k... Barcelona 0
5. Minulý týden skončila základní... 1B 2A 3D 4C 0
6. Chybou kapitána ztroskotal v b... u Aljašky 0
7. Na fotce je německá bitevní lo... Bismarck 0
8. Loď Beagle na své druhé plavbě... Charles Darwin 0
9. Válečná loď Vasa ujela celkem... ve Stockholmu 0
10. Která z těchto slavných lodí b... C 0